Statistiques concernant Quiz Histoire de France: la Restauration (1814-1830)

Cliquez ici pour prendre le quiz!

Statistiques générales

  • Ce quiz a été pris 2 412 fois
  • Le résultat moyen est 8 sur 15

Statistiques - réponses

IndiceRéponse% Correct
Roi "restauré" en 1815Louis XVIII
91%
Dernière bataille de NapoléonWaterloo
89%
Période précédant la RestaurationPremier Empire
78%
Successeur au n°2Charles X
73%
Successeur au trôneLouis-Philippe Ier
71%
Auteur du tableau "La Liberté guidant le peuple"Eugène Delacroix
66%
Court interlude napoléonien durant la Restaurationles Cent-Jours
63%
Nom de la révolution mettant fin au règne du n°8 en 1830Trois Glorieuses
55%
Dynastie à laquelle il appartientMaison d'Orléans
51%
"Constitution" accordée aux FrançaisCharte de 1814
42%
Groupe royaliste extrémisteles Ultras
33%
Début de la conquête militaire de ce paysAlgérie
27%
Personnage de la famille royale assassiné en 1820Duc de Berry
23%
Un chef de gouvernementDecazes - Richelieu - Villèle
10%
Réponse du n°8 à l'Adresse des 221Ordonnances de Saint-Cloud
6%

Distribution des résultats

Percentile par nombre de réponses

% des personnes avec chaque résultat

Votre développement - résultats

Vous n’avez pas pris ce quiz